000 00838cab a2200253 4500
001 WB2805-48
008 090401t1992 xxu||||| |||| 00| 0 eng d
035 _a(Sirsi) u19987
041 _aeng
245 _aSkills shortage
260 _c1992
350 _a0
490 _aNew Builder
_v(113) 23 January 1992, 8(1)
520 _aMost European construction companies face a labour shortage in the first half of the decade despite almost epidemic unemployment throughout the sector, according to an EC report "Shortage of jobs and skilled labour in the construction industry".
650 _aCONSTRUCTION INDUSTRY
650 _aEUROPE
650 _aLABOUR SHORTAGE
650 _aSKILLED LABOUR
650 _aSKILLS SHORTAGE
690 _aBUILT ENVIRONMENT
690 _aOVERSEAS-EUROPE
942 _n0
948 _c04/03/1997
999 _c13394
_d13394